000 01152nam a2200301 c 4500
003 BLK
005 20230311110104.0
008 180408b bul|||||r ||||||| ||bul||
010 _aKNG00064960000
020 _a5-340-00179-2
_bиздат.: Мастацкая лiтаратура
040 _aBLK
041 _aRUS
_cRUS
080 _aАмериканска литература (на САЩ)
_b821.111(73)
_x-31
_z821.111(73)-31
100 1 _aХемингуэй, Эрнест
_eпърви автор
_9136752
139 _aХемингуэй, Эрнест
_bХ 41
245 1 0 _aПраздник, который всегда с тобой
_cЭрнест Хемингуэй.
245 1 0 _aОстрова в океане
_bРоманы
_c
257 _aUSA
260 Минск
_bМастацкая лiтаратура
_c1988
300 _a542 с.
_c21 м
380 _aX
490 1 _aБиблиотека отечественной и зарубежной классики
852 _aЦб 155663
856 4 _qpdf
_u
856 4 _qpdf
_u
942 _cKNG
_n0
_02
944 _aCR
_c30.01.2017
_kВася_Ганчева
944 _aED
_c30.01.2017
_kВася_Ганчева
999 _c60777
_d60777